000
00317nam a22001457a 4500
008
210428b ||||| |||| 00| 0 eng d
020
_a
9783930656905
041
_a
eng
080
_a
902
082
_a
902
100
_a
45
101
_a
ARK
245
_a
Geschichte der Hexenprozesse
_c
Wolf,H.J
942
_2
udc
_c
BK
999
_c
56890
_d
56890